| 000 | 00534nam a2200181Ia 4500 | ||
|---|---|---|---|
| 008 | 151202s9999||||xx |||||||||||||| ||und|| | ||
| 082 | _bPNVM-32120 | ||
| 100 | _aभावे पु.भा. | ||
| 245 | _a17वे वर्ष. | ||
| 260 | _bकॉन्टीनेंटल बुक सर्व्हीस . | ||
| 260 | _c0 | ||
| 300 | _a117 | ||
| 600 | _aभावे पु.भा. | ||
| 630 | _a17वे वर्ष. | ||
| 700 | _aभावे पु.भा. | ||
| 730 | _a17वे वर्ष. | ||
| 942 | _cBOOK | ||
| 999 |
_c1298081 _d1298078 |
||